| 000 | 01218cam a22002771i 4500 | ||
|---|---|---|---|
| 003 | SA-RiAUC | ||
| 005 | 20250917112449.0 | ||
| 008 | 250915s1969 ua g 00000cara c | ||
| 040 |
_aSA-RiAUC _bara _cSA-RiAUC _erda |
||
| 043 | _af-ae--- | ||
| 082 | 0 | 4 | _a916.504 |
| 090 |
_a916.504 _b ا ب ن هـ |
||
| 100 | 1 |
_aابن هطال، أحمد بن محمد بن محمد، _dتوفي 1219 هجري _eمؤلف. |
|
| 245 | 1 | 0 |
_aرحلة محمد الكبير إلى الجنوب الصحراوي الجزائري / _cأحمد بن هطال التلمساني ؛ تحقيق وتقديم محمد بن عبد الكريم. |
| 250 | _aالطبعة الأولى. | ||
| 264 | 1 |
_aالقاهرة : _bعالم الكتب، _c1969 |
|
| 300 |
_a125 صفحة ؛ _c24 سم |
||
| 336 |
_aنص _btxt _2rdacontent _3كتاب |
||
| 337 |
_aبدون وسيط _bn _2rdamedia |
||
| 338 |
_aمجلد _bnc _2rdacarrier |
||
| 600 | 1 | 7 |
_aمحمد الكبير، محمد بن عثمان بن إبراهيم، _cالباي، _dتوفي 1212 هجري _2aucnm |
| 651 | 7 |
_aالجزائر _xوصف ورحلات _2aucsh |
|
| 651 | 7 |
_aالجزائر _xجغرافيا _2aucsh |
|
| 942 |
_2ddc _cBOOK _n0 |
||
| 949 |
_aSA-JeALM _d250915 _umohamedma123 _n1 |
||
| 999 |
_c11831 _d11831 |
||